000
00206 a2200097 4500
001
6029
100
_a
Scott, T G
245
_a
Basic computer programming.
260
_a
_b
Macdonald
_c
090
_c
4932
_d
4932
942
_a
NUST-CAE
_c
M
_c
31303
999
_c
241102
_d
241102